000 00580nam a2200169Ia 4500
003 SGT
020 _a9788120337190
082 _a302.2
_bSHA
100 _aSangeeta Sharma
245 _aCommunication Skills for Engineers and Scientists
260 _bPHI Learning Private Limited
_aNew Delhi
_c2009
300 _a353p.
650 _aENGLISH
653 _aTECHNICAL REPORT WRITING: AN OVERVIEW, COMMUNICATION BREAKDOWN, LISTENING, BUSINESS LETTERS, TYPES OF BUSINESS LETTERS, SAMPLE REPORT, COMMUNICATION WITHOUT WORDS, SPEECHES
700 _aBinod Mishra
942 _2ddc
_cBK
_023
999 _c4915
_d4915